Prameň časopis gréckokatolických bohoslovcov Prešovskej eparchie

Bibliographic Details
Other Authors: Gradoš, Juraj, 1974- (Publishing director), Obraz, Pavol (Publishing director), Muszka, Tomáš (Publishing director), Marcin, Matúš (Publishing director)
Format: Journal
Language:Slovak
PhysicalDescription:zv. 21 cm
Published: Prešov Spolok biskupa Petra Pavla Gojdiča 1993-
Prešov Gréckokatolícke bohoslovecké formačné centrum v Prešove
ISSN:2454-0447
Subjects:

MARC

LEADER 00000cas a22000001a 4500
001 vtls010598427
003 SK-MaSNL
005 20260228163523.0
008 140523c19939999xo x|p 001 b0slo
022 |a 2454-0447 
040 |a SVKPO  |b slo  |c SVKPO  |d SNK  |e AACR2 
041 0 |a slo 
044 |a xo  |c SK 
072 7 |a 2  |x Náboženstvo  |2 konspekt 
080 |a 27-528.8  |2 2001 
080 |a 070.482  |2 2001 
080 |a 2-72  |2 2001 
080 |a 21/29-1/-9  |2 2001 
210 0 |a Prameň  |b (Prešov) 
222 0 |a Prameň  |b (Prešov) 
245 0 0 |a Prameň  |b časopis gréckokatolických bohoslovcov Prešovskej eparchie 
260 |a Prešov  |b Spolok biskupa Petra Pavla Gojdiča  |c 1993- 
260 |3 ?-  |a Prešov  |b Gréckokatolícke bohoslovecké formačné centrum v Prešove 
300 |a zv.  |c 21 cm 
310 |a Nepravidelne 
362 0 |a 1 (1993)- 
500 |a Šéfredaktor: 1/1995-4/1995, Juraj Gradoš ; 2/1996-2/1997, Pavol Obraz ; 3/1997-3/1998, Tomáš Muszka ; 4/1998-, Matúš Marcin 
500 |a Od roku 1994 podnázov: časopis gréckokatolíckych bohoslovcov 
500 |a Šéfredaktori sa menia 
500 |a Nový podnázov: časopis gréckokatolíckych seminaristov 
500 |a Vydávanie od r. 2017 nahlásené z NA ISSN 
500 |a Reg. č.: OÚ-XI/17/93 
515 |a Časopis vychádza nepravidelne 
610 2 7 |a Gréckokatolícka cirkev  |2 SNKKA  |9 32576 
650 0 7 |a nábožesnstvo  |2 SNKPH  |9 274186 
650 0 7 |a cirkev  |2 SNKPH  |9 1922 
655 7 |a náboženské časopisy  |2 SNKPH  |9 70790 
700 1 |a Gradoš, Juraj,  |d 1974-  |4 pbd  |9 183841 
700 1 |a Obraz, Pavol  |4 pbd  |9 274187 
700 1 |a Muszka, Tomáš  |4 pbd  |9 274188 
700 1 |a Marcin, Matúš  |4 pbd  |9 274189 
910 |a snk 
916 |a 1993-1998 
999 |c 9729  |d 11659 
952 |0 0  |1 0  |4 0  |7 0  |8 0  |a SNK  |b SNK  |d 2024-06-19  |i snk2024/9674  |l 0  |o snkČSC 3542/28/2022  |p 17A1523531  |r 2026-02-21 19:59:49  |t č. 1-3 + príl.  |w 2026-02-21  |y PREZ  |z Čísla 1-2 vydané na akademický rok 2021/2022 ; ; Číslo 3 vydané na akademický rok ; 2022/2023 ; ; Príloha k č. 3 (Rok 2023 so seminaristami -Kalendár) 
952 |0 0  |1 0  |4 0  |7 0  |8 0  |a SNK  |b SNK  |d 2024-06-19  |i snk2024/9675  |l 0  |o snkČSC 3542/28/2022 D1  |p 17A1523532  |r 2026-02-21 19:59:49  |t č. 1-3 + príl.  |w 2026-02-21  |y PREZ  |z Čísla 1-2 vydané na akademický rok 2021/2022 ; ; Číslo 3 vydané na akademický rok 2022/2023 ; ; Príloha k č. 3 (Rok 2023 so seminaristami -Kalendár) 
952 |0 0  |1 0  |4 0  |7 0  |8 0  |a SNK  |b SNK  |d 2024-06-19  |i snk2024/9663  |l 0  |o snkČSC 3542/24/2018  |p 17A1523525  |r 2026-02-21 20:00:13  |t č. 1-3  |w 2026-02-21  |y PREZ  |z Čísla vydané na akademický rok 2017/2018 
952 |0 0  |1 0  |4 0  |7 0  |8 0  |a SNK  |b SNK  |d 2024-06-19  |i snk2024/9665  |l 0  |o snkČSC 3542/25/2019  |p 17A1523526  |r 2026-02-21 20:00:13  |t č. 1-3  |w 2026-02-21  |y PREZ  |z Čísla 1-2 vydané na akademický rok 2018/2019 ; ; Číslo 3 vydané na akademický rok 2019/2020 
952 |0 0  |1 0  |4 0  |7 0  |8 0  |a SNK  |b SNK  |d 2024-06-19  |i snk2024/9666  |l 0  |o snkČSC 3542/26/2020  |p 17A1523527  |r 2026-02-21 20:00:13  |t č. 1  |w 2026-02-21  |y PREZ  |z Číslo vydané na akademický rok 2020/2021 
952 |0 0  |1 0  |4 0  |7 0  |8 0  |a SNK  |b SNK  |d 2024-06-19  |i snk2024/9667  |l 0  |o snkČSC 3542/26/2020 D1  |p 17A1523528  |r 2026-02-21 20:00:14  |t č. 1  |w 2026-02-21  |y PREZ  |z Číslo vydané na akademický rok 2020/2021 
952 |0 0  |1 0  |4 0  |7 0  |8 0  |a SNK  |b SNK  |d 2024-06-19  |i snk2024/9672  |l 0  |o snkČSC 3542/27/2021  |p 17A1523529  |r 2026-02-21 20:00:14  |t č. 1  |w 2026-02-21  |y PREZ  |z Číslo vydané na akademický rok 2021/2022 
952 |0 0  |1 0  |4 0  |7 0  |8 0  |a SNK  |b SNK  |d 2024-06-19  |i snk2024/9673  |l 0  |o snkČSC 3542/27/2021 D1  |p 17A1523530  |r 2026-02-21 20:00:14  |t č. 1  |w 2026-02-21  |y PREZ  |z Číslo vydané na akademický rok 2021/2022 
952 |0 0  |1 0  |4 0  |7 0  |8 0  |a SNK  |b SNK  |d 2024-06-19  |i snk2024/9661  |l 0  |o snkČSC 3542/23/2017  |p 17A1523524  |r 2026-02-21 20:00:32  |t č. 1-3, neúplné  |w 2026-02-21  |y PREZ  |z Chýba č. 1-2 (máme iba PDF formát) ; ; Čísla vydané na akademický rok 2017/2018 
952 |0 0  |1 0  |4 0  |7 0  |8 0  |a SNK  |b SNK  |d 2014-06-03  |f 1  |i snk2014/12892  |l 0  |o snkČSC 3542/6/1998  |p 17A1046582  |r 2026-02-21 20:23:30  |t č. 1-5  |w 2026-02-21  |y PREZ 
952 |0 0  |1 0  |4 0  |7 0  |8 0  |a SNK  |b SNK  |d 2014-06-03  |f 1  |i snk2014/12884  |l 0  |o snkČSC 3542/2/1994  |p 17A1046574  |r 2026-02-21 21:14:30  |t č. 1-6  |w 2026-02-21  |y PREZ 
952 |0 0  |1 0  |4 0  |7 0  |8 0  |a SNK  |b SNK  |d 2014-06-03  |f 1  |i snk2014/12882  |l 0  |o snkČSC 3542/[1]/1993  |p 17A1046572  |r 2026-02-21 21:14:31  |t č. 1-2  |w 2026-02-21  |y PREZ 
952 |0 0  |1 0  |4 0  |7 0  |8 0  |a SNK  |b SNK  |d 2014-06-03  |i snk2014/12883  |l 0  |o snkČSC 3542/[1]/1993 D1  |p 17A1046573  |r 2026-02-21 21:14:31  |t č. 1-2  |w 2026-02-21  |y PREZ 
952 |0 0  |1 0  |4 0  |7 0  |8 0  |a SNK  |b SNK  |d 2014-06-03  |i snk2014/12885  |l 0  |o snkČSC 3542/2/1994 D1  |p 17A1046575  |r 2026-02-21 21:14:31  |t č. 1-6  |w 2026-02-21  |y PREZ 
952 |0 0  |1 0  |4 0  |7 0  |8 0  |a SNK  |b SNK  |d 2014-06-03  |f 1  |i snk2014/12886  |l 0  |o snkČSC 3542/3/1995  |p 17A1046576  |r 2026-02-21 21:14:31  |t č. 1-5  |w 2026-02-21  |y PREZ 
952 |0 0  |1 0  |4 0  |7 0  |8 0  |a SNK  |b SNK  |d 2014-06-03  |i snk2014/12887  |l 0  |o snkČSC 3542/3/1995 D1  |p 17A1046577  |r 2026-02-21 21:14:31  |t č. 1-5  |w 2026-02-21  |y PREZ 
952 |0 0  |1 0  |4 0  |7 0  |8 0  |a SNK  |b SNK  |d 2014-06-03  |f 1  |i snk2014/12888  |l 0  |o snkČSC 3542/4/1996  |p 17A1046578  |r 2026-02-21 21:14:31  |t č. 1-5  |w 2026-02-21  |y PREZ 
952 |0 0  |1 0  |4 0  |7 0  |8 0  |a SNK  |b SNK  |d 2014-06-03  |i snk2014/12889  |l 0  |o snkČSC 3542/4/1996 D1  |p 17A1046579  |r 2026-02-21 21:14:31  |t č. 1-5  |w 2026-02-21  |y PREZ 
952 |0 0  |1 0  |4 0  |7 0  |8 0  |a SNK  |b SNK  |d 2014-06-03  |f 1  |i snk2014/12890  |l 0  |o snkČSC 3542/5/1997  |p 17A1046580  |r 2026-02-21 21:14:31  |t č. 1-4  |w 2026-02-21  |y PREZ 
952 |0 0  |1 0  |4 0  |7 0  |8 0  |a SNK  |b SNK  |d 2014-06-03  |i snk2014/12891  |l 0  |o snkČSC 3542/5/1997 D1  |p 17A1046581  |r 2026-02-21 21:14:31  |t č. 1-4  |w 2026-02-21  |y PREZ 
952 |0 0  |1 0  |4 0  |7 0  |8 0  |a SNK  |b SNK  |d 2014-06-03  |i snk2014/12893  |l 0  |o snkČSC 3542/6/1998 D1  |p 17A1046583  |r 2026-02-21 21:14:31  |t č. 1-5  |w 2026-02-21  |y PREZ